00543 2200169 4500001002100000005001500021035002000036007000300056008004100059020002200100082001100122084001700133100004800150245006700198260006600265300004200331INLIS00000000000034020240206075745 a0010-0224000014ta240206 b 0 ind  a978-602-344-123-5 a633.18 a633.18 BAD a0 aBadan Penelitian dan Pengembangan Pertanian1 aAyo Kenali Padi /cBadan Penelitian dan Pengembangan Pertanian aJakarta :bBadan Penelitian dan Pengembangan Pertanian,c2016 avi, 50 hlm, :bilus, ;c15 cm x 23 cm